[Event "1. OEsterreichische Internet Schach Meisterschaft - Vorrunde 3"]
[Site "Online - Playchess.com"]
[Date ""]
[Round "4"]
[Board "33"]
[White "Kruckenhauser, Arthur"]
[Black "Hofer, Maximilian"]
[Result "1-0"]
[WhiteElo "2233"]
[BlackElo "2108"]
[PlyCount "65"]
[EventDate "2020.04.17"]
[EventRounds "9"]
[EventCountry "AUT"]

1. e4 e5 2. Nf3 Nc6 3. Bc4 Nf6 4. d3 Be7 5. O-O O-O 6. Re1 d6 7. a4 Bg4 8. h3 Bh5
9. Nbd2 Qd7 10. c3 Rad8 11. b4 d5 12. exd5 Nxd5 13. Bxd5 Qxd5 14. b5 Na5 15. Rxe5
Bxf3 16. Nxf3 Qd6 17. d4 Nc4 18. Re1 Bf6 19. Qe2 Nb6 20. Ba3 Qd7 21. Bxf8 Rxf8 22.
Ne5 Qd6 23. Nc4 Nxc4 24. Qxc4 Qd7 25. a5 Qd6 26. Rad1 a6 27. bxa6 bxa6 28. Rb1 Qd7
29. Rb7 Qd6 30. Qxc7 Qa3 31. Qc5 Qa2 32. Qxf8+ Kxf8 33. Rb8+  1-0

[Event "1. OEsterreichische Internet Schach Meisterschaft - Vorrunde 3"]
[Site "Online - Playchess.com"]
[Date ""]
[Round "4"]
[Board "34"]
[White "Doskocil, Klaus"]
[Black "Haas, Gerald"]
[Result "1-0"]
[WhiteElo "2157"]
[BlackElo "1906"]
[PlyCount "63"]
[EventDate "2020.04.17"]
[EventRounds "9"]
[EventCountry "AUT"]

1. e4 c5 2. Nf3 Nc6 3. d4 cxd4 4. Nxd4 e6 5. Nc3 Bc5 6. Nb3 Qb6 7. Nxc5 Qxc5 8. Be2
Nge7 9. O-O d5 10. exd5 exd5 11. Re1 Be6 12. Bg4 O-O 13. Bg5 Nf5 14. Bxf5 Bxf5 15.
Qxd5 Qxd5 16. Nxd5 Nd4 17. Rad1 Nxc2 18. Ne7+ Kh8 19. Nxf5 Nxe1 20. Rxe1 f6 21. Be3
Rfe8 22. Kf1 Rad8 23. Nd4 Re5 24. Rc1 f5 25. g3 h6 26. h4 Kh7 27. Rc7 Red5 28. Ne6
Rd1+ 29. Ke2 R8d7 30. Rc8 R1d6 31. Nf8+ Kg8 32. Nxd7+  1-0

[Event "1. OEsterreichische Internet Schach Meisterschaft - Vorrunde 3"]
[Site "Online - Playchess.com"]
[Date ""]
[Round "4"]
[Board "35"]
[White "Doujak, Gabriel Andreas"]
[Black "Strodl, Joachim"]
[Result "1/2-1/2"]
[WhiteElo "1980"]
[BlackElo "2137"]
[PlyCount "137"]
[EventDate "2020.04.17"]
[EventRounds "9"]
[EventCountry "AUT"]

1. e4 g6 2. d4 Bg7 3. Nc3 c5 4. Nf3 cxd4 5. Nxd4 Nc6 6. Be3 Nf6 7. Bc4 Qa5 8. O-O
O-O 9. Kh1 d6 10. h3 Bd7 11. f4 Nh5 12. Kh2 Nxd4 13. Bxd4 e5 14. fxe5 dxe5 15. Be3
Bc6 16. Nd5 Bxd5 17. Bxd5 Rad8 18. Qd2 Qc7 19. c4 b6 20. Bg5 Rd7 21. Qe2 Nf4 22.
Bxf4 exf4 23. Kh1 Be5 24. Rad1 Kg7 25. b3 Rfd8 26. Rf3 a5 27. Rfd3 Qc5 28. Qf3 h5
29. R3d2 Qe3 30. Qxe3 fxe3 31. Re2 Bf4 32. Rf1 Bh6 33. g3 f6 34. Kg2 Rd6 35. Rd1
Rf8 36. Rf1 f5 37. e5 Rd7 38. e6 Re7 39. Kf3 Rd8 40. Ree1 Kf6 41. Ke2 Ke5 42. Rd1
f4 43. gxf4+ Bxf4 44. Rf3 g5 45. Rdf1 Rf8 46. Kd3 Rf6 47. Ke2 g4 48. hxg4 hxg4 49.
Rxe3+ Bxe3 50. Rxf6 Kxf6 51. Kxe3 Kg5 52. Kf2 Kf4 53. Kg2 g3 54. a3 Rg7 55. b4 axb4
56. axb4 Ke5 57. b5 Kd6 58. Kg1 Ke5 59. Kg2 Kf4 60. Kg1 Rh7 61. Bc6 Re7 62. Bd5 Re8
63. Kg2 Re7 64. Kg1 Rg7 65. Kg2 Rh7 66. Kg1 Re7 67. Kg2 Rg7 68. Bc6 Ke5 69. Bd5  1/2-1/2

[Event "1. OEsterreichische Internet Schach Meisterschaft - Vorrunde 3"]
[Site "Online - Playchess.com"]
[Date ""]
[Round "4"]
[Board "36"]
[White "Reyhani, Adel"]
[Black "Schumi, Manfred"]
[Result "1-0"]
[WhiteElo "1918"]
[BlackElo "2202"]
[PlyCount "49"]
[EventDate "2020.04.17"]
[EventRounds "9"]
[EventCountry "AUT"]

1. e4 Nf6 2. e5 Nd5 3. d4 d6 4. exd6 cxd6 5. h3 g6 6. c3 Bg7 7. Nf3 O-O 8. Be2 Nc6
9. O-O e5 10. c4 Nde7 11. d5 Nd4 12. Nxd4 exd4 13. Bf4 Re8 14. Bd3 Bf5 15. Qc2 Qb6
16. Nd2 Rac8 17. Rab1 a5 18. Rfe1 Rcd8 19. g4 Bxd3 20. Qxd3 Rc8 21. a3 a4 22. b4
axb3 23. Rxb3 Qc7 24. Rc1 b6 25. Ne4  1-0

[Event "1. OEsterreichische Internet Schach Meisterschaft - Vorrunde 3"]
[Site "Online - Playchess.com"]
[Date ""]
[Round "4"]
[Board "37"]
[White "Charaus, Florian"]
[Black "Maierhofer, Johann"]
[Result "0-1"]
[WhiteElo "2055"]
[BlackElo "2087"]
[PlyCount "66"]
[EventDate "2020.04.17"]
[EventRounds "9"]
[EventCountry "AUT"]

1. d4 c5 2. e3 e6 3. Nf3 d5 4. Be2 f5 5. O-O Nf6 6. c4 Be7 7. dxc5 Bxc5 8. cxd5 exd5
9. b3 O-O 10. Bb2 Nc6 11. Nc3 Be6 12. Nd4 Nxd4 13. exd4 Bb4 14. Bd3 Rc8 15. Ne2 Qd7
16. Nf4 Bf7 17. a3 Bd6 18. Qf3 g6 19. Rac1 Ne4 20. Bxe4 dxe4 21. Qe3 Qb5 22. b4 a5
23. h4 axb4 24. h5 b3 25. hxg6 hxg6 26. Nh3 f4 27. Nxf4 Bc4 28. Nxg6 Qh5 29. g3 Qxg6
30. Rfe1 Bd3 31. d5 Rxc1 32. Rxc1 Re8 33. Qd4 Be5  0-1

[Event "1. OEsterreichische Internet Schach Meisterschaft - Vorrunde 3"]
[Site "Online - Playchess.com"]
[Date ""]
[Round "4"]
[Board "38"]
[White "Milanollo, Mario"]
[Black "Riemelmoser, Stefan"]
[Result "0-1"]
[WhiteElo "2053"]
[BlackElo "2046"]
[PlyCount "146"]
[EventDate "2020.04.17"]
[EventRounds "9"]
[EventCountry "AUT"]

1. e4 e6 2. Nf3 d5 3. Nc3 Nf6 4. e5 Nfd7 5. d4 c5 6. Be2 Nc6 7. Bf4 b6 8. O-O Bb7
9. Re1 Qc7 10. Nb5 Qb8 11. c4 a6 12. cxd5 axb5 13. dxc6 Bxc6 14. Qc1 Be7 15. b3 O-O
16. Qc2 h6 17. Rad1 Qb7 18. Bg3 Ra7 19. Rd2 Rfa8 20. Qb1 Nf8 21. Red1 Ng6 22. h4
Be4 23. Bd3 Bxf3 24. gxf3 Nxh4 25. Be4 Nxf3+ 26. Kg2 Nxd2 27. Rxd2 Qb8 28. Bxa8 Qxa8+
29. Kh2 cxd4 30. Rxd4 Rxa2 31. Rd7 Bc5 32. Qd3 Qc6 33. Rd8+ Bf8 34. Qd6 Qxd6 35.
exd6 Rd2 36. Rb8 f6 37. Rxb6 Kf7 38. Rb7+ Kg6 39. d7 e5 40. Kg2 Kf5 41. Bh2 Ke6 42.
Rxb5 Rxd7 43. Kf3 Bd6 44. Bg3 Rc7 45. Ke2 Kd7 46. Kd3 Kc6 47. Rb8 Rb7 48. Rc8+ Kd7
49. Rg8 Ke6 50. Kc2 Kf5 51. f3 h5 52. Rh8 g6 53. Rg8 g5 54. Rh8 h4 55. Be1 Kf4 56.
Rh6 Kf5 57. Bd2 Bc5 58. Rh8 Rc7 59. Kd3 Rb7 60. Kc4 Bf2 61. b4 e4 62. fxe4+ Kxe4
63. Re8+ Kf5 64. Bc3 Rb6 65. Rh8 Bg3 66. Kc5 Bf2+ 67. Kc4 g4 68. Rh5+ Kg6 69. Rh8
h3 70. Bd2 g3 71. Rxh3 g2 72. Rh6+ Kg7 73. Rh2 g1=Q  0-1

[Event "1. OEsterreichische Internet Schach Meisterschaft - Vorrunde 3"]
[Site "Online - Playchess.com"]
[Date ""]
[Round "4"]
[Board "39"]
[White "Wiedermann, Daniel"]
[Black "Moerwald, Magdalena"]
[Result "1-0"]
[WhiteElo "2048"]
[BlackElo "1791"]
[PlyCount "41"]
[EventDate "2020.04.17"]
[EventRounds "9"]
[EventCountry "AUT"]

1. d4 d5 2. c4 e6 3. Nc3 Nf6 4. cxd5 exd5 5. Bg5 Be7 6. Qc2 Nbd7 7. e3 O-O 8. Bd3
h6 9. Bh4 c5 10. Nge2 c4 11. Bf5 a6 12. a4 Nb8 13. O-O Bxf5 14. Qxf5 Qb6 15. Bxf6
Bxf6 16. Nxd5 Qxb2 17. Nxf6+ gxf6 18. Nf4 Nd7 19. Nh5 Qb6 20. Qg4+ Kh8 21. Qg7#  1-0

[Event "1. OEsterreichische Internet Schach Meisterschaft - Vorrunde 3"]
[Site "Online - Playchess.com"]
[Date ""]
[Round "4"]
[Board "40"]
[White "Pilshofer, Paul"]
[Black "Sulzbacher, Michael"]
[Result "0-1"]
[WhiteElo "1715"]
[BlackElo "2018"]
[PlyCount "90"]
[EventDate "2020.04.17"]
[EventRounds "9"]
[EventCountry "AUT"]

1. d4 g6 2. Nf3 Bg7 3. g3 d6 4. Bg2 Nc6 5. O-O e5 6. d5 Nce7 7. c4 Nf6 8. Nc3 O-O
9. Nd2 h6 10. Nde4 Kh7 11. Nxf6+ Bxf6 12. e4 Bg7 13. Be3 f5 14. f4 b6 15. b4 a5 16.
b5 Ng8 17. Qd2 Qf6 18. Rad1 exf4 19. Bd4 Qxd4+ 20. Qxd4 Bxd4+ 21. Rxd4 fxg3 22. hxg3
Bd7 23. Bh3 Rad8 24. Rd2 Ne7 25. Rdf2 Kg7 26. Ne2 Bc8 27. Nf4 fxe4 28. Bxc8 Rxc8
29. Ne6+ Kh7 30. Rxf8 Rxf8 31. Rxf8 Nf5 32. Kf2 e3+ 33. Ke2 Nxg3+ 34. Kxe3 Nf5+ 35.
Kd3 h5 36. Rf7+ Kh6 37. Nxc7 h4 38. Ne6 h3 39. Nf8 Kh5 40. Ke2 h2 41. Rh7+ Nh6 42.
Ne6 h1=Q 43. Nf4+ Kg5 44. Ne6+ Kf6 45. Kf2 Ng4+  0-1

[Event "1. OEsterreichische Internet Schach Meisterschaft - Vorrunde 3"]
[Site "Online - Playchess.com"]
[Date ""]
[Round "4"]
[Board "41"]
[White "Goelles, Herbert"]
[Black "Mayrhuber, Tobias"]
[Result "0-1"]
[WhiteElo "1705"]
[BlackElo "2045"]
[PlyCount "54"]
[EventDate "2020.04.17"]
[EventRounds "9"]
[EventCountry "AUT"]

1. f4 d5 2. Nf3 Nf6 3. e3 c5 4. b3 Nc6 5. Bb2 Bg4 6. Be2 Bxf3 7. Bxf3 Qc7 8. O-O
e5 9. fxe5 Nxe5 10. Be2 a6 11. Qe1 Bd6 12. h3 O-O 13. Nc3 d4 14. Nd1 Ne4 15. exd4
cxd4 16. Bxd4 Qxc2 17. Nf2 Nxd2 18. Bxe5 Bxe5 19. Bd3 Qb2 20. Rb1 Nxb1 21. Bxb1 Bd4
22. Qe4 g6 23. g3 Rae8 24. Qd3 Bxf2+ 25. Rxf2 Re1+ 26. Rf1 Rxf1+ 27. Kxf1 Rc8  0-1

[Event "1. OEsterreichische Internet Schach Meisterschaft - Vorrunde 3"]
[Site "Online - Playchess.com"]
[Date ""]
[Round "4"]
[Board "43"]
[White "Pernerstorfer, Max"]
[Black "Gartmayer, Stefan"]
[Result "1-0"]
[WhiteElo "1985"]
[BlackElo "1914"]
[PlyCount "51"]
[EventDate "2020.04.17"]
[EventRounds "9"]
[EventCountry "AUT"]

1. e4 c5 2. Nf3 e6 3. d4 cxd4 4. Nxd4 Nc6 5. Nc3 Qc7 6. a3 a6 7. Be2 Nf6 8. O-O d6
9. Kh1 Be7 10. f4 O-O 11. Bf3 Bd7 12. Be3 Nxd4 13. Bxd4 Bc6 14. Qe2 Nd7 15. e5 Bxf3
16. Rxf3 d5 17. f5 Bc5 18. Bxc5 Nxc5 19. f6 gxf6 20. Rxf6 Kh8 21. Raf1 d4 22. Nd1
Rad8 23. Qh5 Rd5 24. Rxf7 Rxf7 25. Rxf7 Rxe5 26. Qxh7#  1-0

[Event "1. OEsterreichische Internet Schach Meisterschaft - Vorrunde 3"]
[Site "Online - Playchess.com"]
[Date ""]
[Round "4"]
[Board "44"]
[White "Borrmann, Laurenz"]
[Black "Kern, Michael"]
[Result "0-1"]
[WhiteElo "1880"]
[BlackElo "1957"]
[PlyCount "84"]
[EventDate "2020.04.17"]
[EventRounds "9"]
[EventCountry "AUT"]

1. Nf3 f5 2. d4 e6 3. g3 Nf6 4. Bg2 Be7 5. O-O O-O 6. c4 d6 7. Nc3 Ne4 8. Qc2 Nxc3
9. Qxc3 Bf6 10. Rd1 Qe8 11. b3 e5 12. Bb2 Nc6 13. e3 g5 14. a3 e4 15. Nd2 g4 16.
Qc2 h5 17. Nb1 Kg7 18. Nc3 Ne7 19. Ne2 Ng6 20. Rab1 h4 21. Qd2 Rh8 22. Rbc1 hxg3
23. hxg3 Bd7 24. d5 Qf7 25. Nd4 Ne5 26. Kf1 Qh5 27. Ke2 Qh2 28. Rg1 Nf3 29. Qd1 Nxg1+
30. Qxg1 Qxg1 31. Rxg1 c5 32. dxc6 bxc6 33. Bc1 c5 34. Nc2 Rab8 35. b4 Ba4 36. Kd2
Bxc2 37. Kxc2 cxb4 38. axb4 Rxb4 39. Bd2 Rxc4+ 40. Kb3 Rc5 41. Bb4 Rb8 42. Rb1 a5
 0-1

[Event "1. OEsterreichische Internet Schach Meisterschaft - Vorrunde 3"]
[Site "Online - Playchess.com"]
[Date ""]
[Round "4"]
[Board "45"]
[White "Marakovits, Nico"]
[Black "Platzgummer, Fabian"]
[Result "0-1"]
[WhiteElo "2105"]
[BlackElo "2336"]
[PlyCount "128"]
[EventDate "2020.04.17"]
[EventRounds "9"]
[EventCountry "AUT"]

1. d4 d5 2. c4 c6 3. Nf3 Nf6 4. Nc3 dxc4 5. a4 Na6 6. e3 Be6 7. Ng5 Qc8 8. Nxe6 Qxe6
9. Be2 Nb4 10. O-O a5 11. Nb1 g6 12. Na3 Bg7 13. Bxc4 Qd6 14. Bd2 h5 15. Nc2 Ng4
16. g3 Nd5 17. Bxd5 cxd5 18. b4 O-O 19. bxa5 Rfc8 20. Bb4 Qd7 21. Na3 e5 22. dxe5
Bxe5 23. Rc1 Rxc1 24. Qxc1 Qxa4 25. Qc5 h4 26. Nb5 h3 27. Nd4 Bxd4 28. Qxd4 Ne5 29.
Qxe5 Qxb4 30. Qxd5 Rxa5 31. Qd8+ Kg7 32. Qd7 Rf5 33. Qd4+ Qxd4 34. exd4 Rd5 35. Rd1
Kf6 36. f4 Kf5 37. Rb1 b5 38. Kf2 Ke4 39. Rb4 Rxd4 40. Rxb5 Rd2+ 41. Kg1 Rg2+ 42.
Kh1 f6 43. Rb4+ Kf3 44. Rb3+ Kg4 45. Rb4 Rc2 46. Kg1 Rc1+ 47. Kf2 Rh1 48. f5+ Kxf5
49. Rh4 Rxh2+ 50. Kf3 g5 51. g4+ Kg6 52. Rh8 Kg7 53. Rh5 Rh1 54. Kg3 Ra1 55. Rxh3
Ra3+ 56. Kg2 Rxh3 57. Kxh3 Kf7 58. Kg3 Ke6 59. Kf2 Kd5 60. Kf3 Kd4 61. Kf2 Ke4 62.
Kg3 Ke3 63. Kg2 Kf4 64. Kh3 Kf3  0-1

[Event "1. OEsterreichische Internet Schach Meisterschaft - Vorrunde 3"]
[Site "Online - Playchess.com"]
[Date ""]
[Round "4"]
[Board "46"]
[White "Neuschmied, Siegfried"]
[Black "Mayrhuber, Nikola"]
[Result "1-0"]
[WhiteElo "2268"]
[BlackElo "2025"]
[PlyCount "77"]
[EventDate "2020.04.17"]
[EventRounds "9"]
[EventCountry "AUT"]

1. e4 e6 2. d4 d5 3. Bd3 dxe4 4. Bxe4 Nf6 5. Bf3 c5 6. Ne2 Nc6 7. Be3 cxd4 8. Nxd4
Nxd4 9. Bxd4 Be7 10. O-O O-O 11. c4 Qc7 12. Qe2 Bd7 13. Nc3 Bc6 14. b3 Rfd8 15. Rad1
b6 16. h3 Qb7 17. Bxc6 Qxc6 18. Rd3 Rd7 19. Rfd1 Rad8 20. Bxf6 Bxf6 21. Ne4 Be7 22.
R1d2 g6 23. Qe3 Kg7 24. Kf1 h5 25. Rxd7 Rxd7 26. Qc3+ f6 27. Rd4 e5 28. Rxd7 Qxd7
29. Ke2 a5 30. Qe3 Qc6 31. f3 b5 32. Qd3 bxc4 33. Qxc4 Qb6 34. Nc3 Bb4 35. Nd5 Qd4
36. Qxd4 exd4 37. Kd3 Bc5 38. Nf4 f5 39. Ne6+  1-0

[Event "1. OEsterreichische Internet Schach Meisterschaft - Vorrunde 3"]
[Site "Online - Playchess.com"]
[Date ""]
[Round "4"]
[Board "47"]
[White "Fuchs, Georg"]
[Black "Hoelzl, Bernhard"]
[Result "1-0"]
[WhiteElo "2211"]
[BlackElo "1392"]
[PlyCount "89"]
[EventDate "2020.04.17"]
[EventRounds "9"]
[EventCountry "AUT"]

1. e4 c6 2. d4 d5 3. Nc3 e6 4. Nf3 Nf6 5. e5 Nfd7 6. Bg5 Be7 7. h4 a6 8. Qd2 c5 9.
O-O-O cxd4 10. Qxd4 Nc6 11. Qf4 b5 12. Bd3 b4 13. Ne2 Qa5 14. Kb1 Nc5 15. Ned4 Nxd4
16. Nxd4 Bd7 17. Bxe7 Kxe7 18. Rh3 Nxd3 19. Rhxd3 Qb6 20. Qg5+ Kf8 21. Rg3 Rg8 22.
Qh5 h6 23. Rf3 Be8 24. Qg6 Ke7 25. Nf5+ Kd7 26. Rxd5+ Kc8 27. Ne7+ Kb8 28. Qg4 exd5
29. Nxg8 Qe6 30. Qxg7 d4 31. Qf6 Qc4 32. Qd8+ Ka7 33. Qe7+ Kb6 34. b3 Qf1+ 35. Kb2
Qxg2 36. Qxb4+ Bb5 37. Rf6+ Kc7 38. Qd6+ Kb7 39. Qb6+ Kc8 40. Ne7+ Kd7 41. Qd6+ Ke8
42. Nd5 Ra7 43. Rxh6 Qg7 44. Rh7 Qg6 45. Rh8+  1-0

[Event "1. OEsterreichische Internet Schach Meisterschaft - Vorrunde 3"]
[Site "Online - Playchess.com"]
[Date ""]
[Round "4"]
[Board "48"]
[White "Auinger, Marcel"]
[Black "Hiermann, Dietmar"]
[Result "1-0"]
[WhiteElo "1808"]
[BlackElo "2250"]
[PlyCount "68"]
[EventDate "2020.04.17"]
[EventRounds "9"]
[EventCountry "AUT"]

1. e4 e5 2. Nf3 Nc6 3. d4 exd4 4. Nxd4 Nf6 5. Nc3 Bb4 6. Nxc6 bxc6 7. Bd3 d5 8. exd5
cxd5 9. O-O O-O 10. Bg5 c6 11. Re1 h6 12. Bxf6 Qxf6 13. a3 Bxc3 14. bxc3 Qxc3 15.
Qf3 a5 16. Bh7+ Kxh7 17. Qxc3 Bd7 18. Qd3+ Kg8 19. Re7 Be6 20. Rc7 Rfc8 21. Rxc8+
Rxc8 22. Qa6 c5 23. Qxa5 d4 24. Qd2 Rd8 25. a4 c4 26. a5 Bf5 27. a6 c3 28. Qc1 Be4
29. a7 Ba8 30. Rb1 d3 31. cxd3 Rxd3 32. Rb8+ Kh7 33. Rxa8 Rd2 34. Re8 Ra2  1-0

[Event "1. OEsterreichische Internet Schach Meisterschaft - Vorrunde 3"]
[Site "Online - Playchess.com"]
[Date ""]
[Round "4"]
[Board "49"]
[White "Ragger, Anna-Christina"]
[Black "Stolzlechner, Thomas"]
[Result "1-0"]
[WhiteElo "2204"]
[BlackElo "2037"]
[PlyCount "57"]
[EventDate "2020.04.17"]
[EventRounds "9"]
[EventCountry "AUT"]

1. d4 d5 2. Bf4 Nf6 3. e3 c5 4. c3 Nc6 5. Nd2 e6 6. Ngf3 Bd6 7. Bg3 O-O 8. Bb5 Qc7
9. Qa4 Bd7 10. Qa3 Bxg3 11. hxg3 c4 12. Bxc6 bxc6 13. b4 cxb3 14. axb3 Rfc8 15. b4
Be8 16. Nb3 Nd7 17. Qa5 Nb6 18. Nfd2 f6 19. O-O Bg6 20. Nc5 Kf7 21. f4 Ke7 22. Kf2
Nd7 23. Qxc7 Rxc7 24. Nxd7 Kxd7 25. Ra5 Bd3 26. Rfa1 a6 27. Nb3 Kd6 28. Nc5 Rca7
29. Nxd3  1-0

[Event "1. OEsterreichische Internet Schach Meisterschaft - Vorrunde 3"]
[Site "Online - Playchess.com"]
[Date ""]
[Round "4"]
[Board "50"]
[White "Kravanja, Georg"]
[Black "Kreutzmann, Duke"]
[Result "0-1"]
[WhiteElo "2199"]
[BlackElo "2036"]
[PlyCount "134"]
[EventDate "2020.04.17"]
[EventRounds "9"]
[EventCountry "AUT"]

1. d4 e6 2. c4 Bb4+ 3. Nd2 b6 4. a3 Bxd2+ 5. Bxd2 Bb7 6. Nf3 f5 7. e3 Nf6 8. Bd3
O-O 9. O-O d6 10. b4 Nbd7 11. Rc1 Ne4 12. a4 Qf6 13. Be2 Qg6 14. Be1 Ndf6 15. c5
dxc5 16. dxc5 Rad8 17. Qc2 Bd5 18. Ne5 Qg5 19. f4 Qh6 20. Rf3 g5 21. fxg5 Nxg5 22.
Rf4 Qg7 23. Kf1 Nh3 24. Bg3 Nxf4 25. exf4 Be4 26. Qc4 Bd5 27. Qc2 Be4 28. Qb3 Nd5
29. cxb6 cxb6 30. Bf3 Bxf3 31. Qxf3 Rc8 32. Rb1 Rc3 33. Qh5 Rd3 34. Rc1 Re3 35. Kg1
Rc3 36. Rd1 Rfc8 37. h3 Nf6 38. Qh4 Rxg3 39. Rd2 Ne4 40. Re2 Rf8 41. Kh2 Rc8 42.
Qh5 Rgc3 43. Qh4 Nf6 44. Nf3 Rc2 45. Nd4 Rxe2 46. Nxe2 Rc2 47. Qf2 Ne4 48. Qe3 Rxe2
49. Qxe2 Qg3+ 50. Kh1 Nf2+ 51. Kg1 Nxh3+ 52. Kh1 Nxf4 53. Qd2 Qxg2+ 54. Qxg2+ Nxg2
55. Kxg2 Kf7 56. Kf3 Kf6 57. Ke3 e5 58. Kd3 Ke6 59. Kc4 f4 60. Kb5 f3 61. Ka6 f2
62. Kxa7 f1=Q 63. Kxb6 Qc4 64. Ka5 Kd5 65. b5 Kc5 66. b6 Qb4+ 67. Ka6 Qxb6#  0-1

[Event "1. OEsterreichische Internet Schach Meisterschaft - Vorrunde 3"]
[Site "Online - Playchess.com"]
[Date ""]
[Round "4"]
[Board "51"]
[White "Heinrici, Simon"]
[Black "Dreher, David"]
[Result "0-1"]
[WhiteElo "2151"]
[BlackElo "1888"]
[PlyCount "58"]
[EventDate "2020.04.17"]
[EventRounds "9"]
[EventCountry "AUT"]

1. e4 e5 2. Nf3 Nf6 3. Nxe5 d6 4. Nxf7 Kxf7 5. d4 g6 6. Nc3 c6 7. Bg5 Be7 8. h3 Kg7
9. Qd2 b5 10. O-O-O h6 11. Bh4 b4 12. Ne2 Nxe4 13. Bxe7 Qxe7 14. Qe3 Re8 15. f3 Nf6
16. Qb3 Qe3+ 17. Qxe3 Rxe3 18. Nf4 Ba6 19. Bd3 Bxd3 20. Nxd3 Na6 21. Rde1 Rae8 22.
Rxe3 Rxe3 23. Kd2 Re7 24. h4 Nd5 25. g3 Nac7 26. Ra1 Nb5 27. c4 bxc3+ 28. bxc3 Nbxc3
29. Rc1 Re2#  0-1

[Event "1. OEsterreichische Internet Schach Meisterschaft - Vorrunde 3"]
[Site "Online - Playchess.com"]
[Date ""]
[Round "4"]
[Board "52"]
[White "Poecksteiner, Johann"]
[Black "Birklbauer, Toni"]
[Result "1-0"]
[WhiteElo "2155"]
[BlackElo "2034"]
[PlyCount "87"]
[EventDate "2020.04.17"]
[EventRounds "9"]
[EventCountry "AUT"]

1. d4 d5 2. Nf3 Nf6 3. c4 dxc4 4. Nc3 a6 5. e4 Nc6 6. Bxc4 e6 7. O-O Bb4 8. Bg5 Be7
9. e5 Nd5 10. Ne4 Bxg5 11. Nexg5 h6 12. Ne4 O-O 13. Rc1 Nce7 14. a4 b6 15. Qe2 Bb7
16. g3 Rc8 17. Rfd1 a5 18. h4 f5 19. exf6 gxf6 20. Nh2 Rf7 21. Qg4+ Kh7 22. Qxe6
Qg8 23. Ng4 Qg6 24. Bd3 f5 25. Qxg6+ Nxg6 26. h5 Nh4 27. Nc3 Nf3+ 28. Kf1 Nxd4 29.
Ne5 Rf6 30. Nxd5 Bxd5 31. Ba6 Re8 32. Rxd4 Rxe5 33. f4 Re7 34. Rxd5 c6 35. Re5 Rd7
36. Ke2 Rfd6 37. Rxf5 Rd2+ 38. Kf3 b5 39. axb5 R2d3+ 40. Kg2 Rd2+ 41. Kh3 Rxb2 42.
bxc6 Rdd2 43. c7 Rh2+ 44. Kg4  1-0

[Event "1. OEsterreichische Internet Schach Meisterschaft - Vorrunde 3"]
[Site "Online - Playchess.com"]
[Date ""]
[Round "4"]
[Board "53"]
[White "Stolzlechner, Andreas"]
[Black "Ehs, Dominik"]
[Result "0-1"]
[WhiteElo "1883"]
[BlackElo "2070"]
[PlyCount "67"]
[EventDate "2020.04.17"]
[EventRounds "9"]
[EventCountry "AUT"]

1. e4 c5 2. c3 Nf6 3. e5 Nd5 4. d4 cxd4 5. Nf3 e6 6. cxd4 b6 7. Nc3 Nxc3 8. bxc3
Qc7 9. Qd2 Bb7 10. Be2 d6 11. exd6 Bxd6 12. O-O Nd7 13. h3 O-O 14. a4 Rac8 15. Ba3
Bxa3 16. Rxa3 Nf6 17. c4 Rfd8 18. Qe3 h6 19. a5 Qd6 20. axb6 axb6 21. Rb3 Bxf3 22.
gxf3 Qxd4 23. Qxd4 Rxd4 24. Rxb6 Nh5 25. Rb2 Nf4 26. Kh2 Rc5 27. Rg1 Nxe2 28. Rxe2
Rdxc4 29. Re4 Rc2 30. Rg2 R5c3 31. Reg4 g6 32. f4 Rf3 33. Kg1 Rxh3 34. R4g3  0-1

[Event "1. OEsterreichische Internet Schach Meisterschaft - Vorrunde 3"]
[Site "Online - Playchess.com"]
[Date ""]
[Round "4"]
[Board "54"]
[White "Schroettner, Martin"]
[Black "Lichtl, Erich"]
[Result "1-0"]
[WhiteElo "1934"]
[BlackElo "2096"]
[PlyCount "85"]
[EventDate "2020.04.17"]
[EventRounds "9"]
[EventCountry "AUT"]

1. Nf3 b6 2. g3 Bb7 3. Bg2 e6 4. c4 f5 5. Nc3 Nf6 6. d3 Be7 7. Bd2 O-O 8. O-O d6
9. b4 a6 10. a4 Qe8 11. b5 Nbd7 12. a5 Qh5 13. axb6 Nxb6 14. bxa6 Rxa6 15. Rxa6 Bxa6
16. c5 Nbd5 17. cxd6 Bxd6 18. Nxd5 Nxd5 19. Qa4 Bc8 20. Re1 f4 21. Qe4 Nf6 22. Qc4
Nd5 23. Qe4 fxg3 24. hxg3 Nf6 25. Qc4 Ng4 26. Rb1 Kh8 27. Rb5 Qg6 28. Nh4 Qf6 29.
Nf3 Ne5 30. Qe4 Nxf3+ 31. Bxf3 Bd7 32. Rh5 g6 33. Rh4 e5 34. Bc3 Bf5 35. Qd5 Be6
36. Qe4 Rb8 37. Kg2 Kg7 38. Qe3 h5 39. Re4 Rb3 40. Bxe5 Bxe5 41. Rxe5 Bf5 42. Re7+
Kg8 43. Bd5+  1-0

[Event "1. OEsterreichische Internet Schach Meisterschaft - Vorrunde 3"]
[Site "Online - Playchess.com"]
[Date ""]
[Round "4"]
[Board "55"]
[White "Wilplinger, Hugo"]
[Black "Huber, Guenther"]
[Result "0-1"]
[WhiteElo "1629"]
[BlackElo "1979"]
[PlyCount "62"]
[EventDate "2020.04.17"]
[EventRounds "9"]
[EventCountry "AUT"]

1. e4 b6 2. d4 Bb7 3. Bd3 e6 4. Nf3 c5 5. dxc5 Bxc5 6. O-O Nf6 7. Nc3 O-O 8. Bg5
h6 9. Bh4 Be7 10. Re1 Nc6 11. Qe2 d6 12. a3 Rc8 13. Rad1 Nh7 14. Bxe7 Qxe7 15. Bb5
Rfd8 16. Bxc6 Bxc6 17. Rd2 Nf6 18. Red1 Ne8 19. Qe1 Qb7 20. Re2 Nf6 21. e5 Bxf3 22.
gxf3 dxe5 23. Rxd8+ Rxd8 24. Rxe5 Qxf3 25. Qe3 Qxe3 26. Rxe3 Rd2 27. Nb5 Rxc2 28.
Nxa7 Rxb2 29. Nc8 Nd5 30. Rg3 Nf4 31. h4 Ne2+  0-1

[Event "1. OEsterreichische Internet Schach Meisterschaft - Vorrunde 3"]
[Site "Online - Playchess.com"]
[Date ""]
[Round "4"]
[Board "56"]
[White "Werdecker, Roland"]
[Black "Keim, Philipp"]
[Result "0-1"]
[WhiteElo "1960"]
[BlackElo "1926"]
[PlyCount "164"]
[EventDate "2020.04.17"]
[EventRounds "9"]
[EventCountry "AUT"]

1. d4 c6 2. Nf3 d5 3. g3 Nf6 4. Bg2 Bf5 5. O-O e6 6. Nbd2 Bd6 7. c4 O-O 8. Qb3 Qb6
9. Qxb6 axb6 10. a3 Nbd7 11. Nh4 Bg6 12. Nxg6 hxg6 13. cxd5 exd5 14. Nf3 b5 15. Bg5
Ne4 16. Be3 Nb6 17. Nd2 Nf6 18. h3 Rfe8 19. Rfe1 Bxg3 20. fxg3 Rxe3 21. Kf2 Rae8
22. Nf1 R3e7 23. b3 Ne4+ 24. Bxe4 Rxe4 25. e3 Nc8 26. a4 bxa4 27. Rxa4 Nd6 28. Ra7
R8e7 29. Nd2 R4e6 30. Ra8+ Kh7 31. Nf1 Nb5 32. Raa1 g5 33. Rac1 f5 34. Nh2 Kg6 35.
Nf3 Kf6 36. Ne5 Na7 37. Ra1 Nc8 38. Ra8 Re8 39. Nd7+ Kg6 40. Nc5 Nd6 41. Rxe8 Rxe8
42. Ra1 Kf6 43. Ra7 Re7 44. Ra8 Kf7 45. Rb8 g6 46. Rd8 Nb5 47. Rd7 Rxd7 48. Nxd7
Ke6 49. Ne5 Kf6 50. Nd7+ Ke6 51. Nc5+ Kd6 52. Nxb7+ Kc7 53. Nc5 Nd6 54. Ne6+ Kd7
55. Nf8+ Ke7 56. Nxg6+ Kf6 57. Ne5 Ne4+ 58. Kg2 Nd2 59. b4 Nc4 60. Nxc6 Nxe3+ 61.
Kf3 Nc4 62. b5 Ke6 63. Nb4 Kd6 64. Nd3 Nd2+ 65. Ke3 Nc4+ 66. Kf3 Na3 67. h4 gxh4
68. gxh4 Nxb5 69. Ke3 Ke6 70. h5 Kf6 71. Nf4 Kg5 72. Nxd5 Kxh5 73. Nf4+ Kg5 74. d5
Kf6 75. Kd3 Ke5 76. Kc4 Nd6+ 77. Kc5 Ne4+ 78. Kc6 Kxf4 79. d6 Nxd6 80. Kxd6 Ke3 81.
Kd5 f4 82. Ke5 f3  0-1

[Event "1. OEsterreichische Internet Schach Meisterschaft - Vorrunde 3"]
[Site "Online - Playchess.com"]
[Date ""]
[Round "4"]
[Board "57"]
[White "Lammer, Michael"]
[Black "Flir, Emilio"]
[Result "0-1"]
[WhiteElo "1501"]
[BlackElo "1843"]
[PlyCount "32"]
[EventDate "2020.04.17"]
[EventRounds "9"]
[EventCountry "AUT"]

1. e4 c5 2. Bc4 e6 3. Nc3 Nc6 4. Nf3 a6 5. d4 cxd4 6. Nxd4 Qc7 7. Nxc6 bxc6 8. O-O
Nf6 9. f3 d5 10. exd5 cxd5 11. Bb3 Bd6 12. h3 O-O 13. Re1 Bc5+ 14. Kh1 Nh5 15. g4
Qg3 16. gxh5 Qxh3#  0-1